Teórie medzinárodného obchodu a názory latinskoamerických ekonómov dizertačná práca

Salvato in:
Dettagli Bibliografici
Autore principale: Castillo Tuya, Andrés T.
Ente Autore: Obchodná fakulta EU. Katedra hospodárskej diplomacie
Altri autori: Filip, Jaroslav
Natura: Libro
Lingua:slovacco
Pubblicazione: Bratislava 1998
Soggetti:
Tags: Aggiungi Tag
Nessun Tag, puoi essere il primo ad aggiungerne!!

MARC

LEADER 00000nam a2200000 4500
001 0198797
005 20240104091658.9
041 0 |a slo 
044 |a SK 
245 1 0 |a Teórie medzinárodného obchodu a názory latinskoamerických ekonómov  |b dizertačná práca  |c Andrés T. Castillo Tuya ; školiteľ: Jaroslav Filip 
264 1 |a Bratislava  |c 1998 
300 |a 134 s. 
610 2 0 |a obchod medzinárodný 
610 2 0 |a teória ekonomiky zmiešanej 
610 2 0 |a neoklasicizmus 
610 2 0 |a Latinská Amerika 
610 2 0 |a modely obchodu zahraničného 
610 2 0 |a liberalizmus 
100 1 |a Castillo Tuya, Andrés T. 
700 1 |a Filip, Jaroslav 
710 2 |a Obchodná fakulta EU. Katedra hospodárskej diplomacie